| 000 | 00466nam a22001577a 4500 | ||
|---|---|---|---|
| 999 |
_c17038 _d17038 |
||
| 008 | 180726b xxu||||| |||| 00| 0 eng d | ||
| 020 | _a1259252341 | ||
| 100 | _aCardon, Peter W. | ||
| 245 |
_aBusiness Communication _bDeveloping Leaders for Networked World _cPeter W. Cardon |
||
| 250 | _a2nd ed. | ||
| 260 |
_aNew York _bMcGrawHill _c2015 |
||
| 300 | _axxxvii, 548p. | ||
| 650 | _aBusiness Communication | ||
| 650 | _aBusiness Enterprises | ||
| 942 |
_2lcc _cBK |
||